Sprachliche Vorbereitung in einem multilingualen Umfeld diplomová práca
Saved in:
| Main Author: | |
|---|---|
| Corporate Author: | |
| Other Authors: | |
| Format: | Book |
| Language: | German |
| Published: |
Bratislava
2023
|
| Tags: |
No Tags, Be the first to tag this record!
|
MARC
| LEADER | 00000nbm a2200000 4500 | ||
|---|---|---|---|
| 001 | 0292812 | ||
| 005 | 20240827083741.3 | ||
| 041 | 0 | |a ger | |
| 044 | |a SK | ||
| 245 | 1 | 0 | |a Sprachliche Vorbereitung in einem multilingualen Umfeld |b diplomová práca |c Simona Menšíková ; školiteľ: Katarína Seresová |
| 264 | 1 | |a Bratislava |c 2023 | |
| 300 | |a 79 s. | ||
| 100 | 1 | |a Menšíková, Simona | |
| 700 | 1 | |a Seresová, Katarína, 1967- | |
| 710 | 2 | |a Fakulta aplikovaných jazykov EU v Bratislave. Katedra jazykovedy a translatológie | |